header

A photograph Atlas of the human body:with selected cat,sheep, & cow Dissections (Record no. 252992)

MARC details
000 -LEADER
fixed length control field 00642nam a22001937a 4500
003 - CONTROL NUMBER IDENTIFIER
control field OSt
005 - DATE AND TIME OF LATEST TRANSACTION
control field 20160317093354.0
008 - FIXED-LENGTH DATA ELEMENTS--GENERAL INFORMATION
fixed length control field 160317b xxu||||| |||| 00| 0 eng d
010 ## - LIBRARY OF CONGRESS CONTROL NUMBER
LC control number 99032135
020 ## - INTERNATIONAL STANDARD BOOK NUMBER
International Standard Book Number 0471374873
040 ## - CATALOGING SOURCE
Transcribing agency N/A
050 ## - LIBRARY OF CONGRESS CALL NUMBER
Classification number QM25
Item number .T67 2000
100 ## - MAIN ENTRY--PERSONAL NAME
Personal name Tortora Gerard J.
245 ## - TITLE STATEMENT
Title A photograph Atlas of the human body:with selected cat,sheep, & cow Dissections
Statement of responsibility, etc Gerard J. Tortora
260 ## - PUBLICATION, DISTRIBUTION, ETC. (IMPRINT)
Place of publication, distribution, etc New York
Name of publisher, distributor, etc Wiley & Sons
Date of publication, distribution, etc 2000
300 ## - PHYSICAL DESCRIPTION
Extent v,250p
Other physical details col.ill
Dimensions 28cm
650 ## - SUBJECT ADDED ENTRY--TOPICAL TERM
Topical term or geographic name as entry element human anatomy atlases,cats dissection,sheep dissection,cows dissection,anatomy atlases,physiolog atlases
Geographic subdivision USA
942 ## - ADDED ENTRY ELEMENTS (KOHA)
Source of classification or shelving scheme Library of Congress Classification
Koha item type Long Loan Books

No items available.

© 2026 Rongo University
Contact us: librarian | system librarian | Rongo university